Winslow Homer. (Record no. 26732)
[ view plain ]
| 000 -LEADER | |
|---|---|
| fixed length control field | 00843cam a2200265 4500 |
| 001 - CONTROL NUMBER | |
| control field | 3603606 |
| 003 - CONTROL NUMBER IDENTIFIER | |
| control field | OSt |
| 005 - DATE AND TIME OF LATEST TRANSACTION | |
| control field | 20170206103641.0 |
| 008 - FIXED-LENGTH DATA ELEMENTS--GENERAL INFORMATION | |
| fixed length control field | 721114s1972 nyua b 001 0aeng |
| 010 ## - LIBRARY OF CONGRESS CONTROL NUMBER | |
| LC control number | 71189930 |
| 040 ## - CATALOGING SOURCE | |
| Original cataloging agency | DLC |
| Transcribing agency | DLC |
| Modifying agency | DLC |
| 050 00 - LIBRARY OF CONGRESS CALL NUMBER | |
| Classification number | ND139.H6C6 1972 |
| 082 00 - DEWEY DECIMAL CLASSIFICATION NUMBER | |
| Classification number | 759.13 |
| 100 1# - MAIN ENTRY--PERSONAL NAME | |
| Personal name | Homer, Winslow, |
| Dates associated with a name | 1972. |
| 245 00 - TITLE STATEMENT | |
| Title | Winslow Homer. |
| Statement of responsibility, etc. | [Text by] John Wilmerding. |
| 260 ## - PUBLICATION, DISTRIBUTION, ETC. (IMPRINT) | |
| Place of publication, distribution, etc. | New York, |
| Name of publisher, distributor, etc. | Praeger Publishers |
| Date of publication, distribution, etc. | 1972. |
| 300 ## - PHYSICAL DESCRIPTION | |
| Extent | 224 p. |
| Other physical details | illus. (part col.) |
| Dimensions | 31 cm. |
| 350 ## - PRICE (NR) (BK AM CF MU VM SE) [OBSOLETE] | |
| Price | $30.00 |
| 440 #0 - SERIES STATEMENT/ADDED ENTRY--TITLE | |
| Title | American art & artists |
| 500 ## - GENERAL NOTE | |
| General note | Bibliography: p. 221-222. |
| 504 ## - BIBLIOGRAPHY, ETC. NOTE | |
| Bibliography, etc | <br/> |
| 600 10 - SUBJECT ADDED ENTRY--PERSONAL NAME | |
| Personal name | Homer, Winslow, |
| Dates associated with a name | 1836-1910. |
| 700 1# - ADDED ENTRY--PERSONAL NAME | |
| Personal name | Wilmerding, John. |
| 906 ## - LOCAL DATA ELEMENT F, LDF (RLIN) | |
| a | 7 |
| b | cbc |
| c | orignew |
| d | 2 |
| e | ncip |
| f | 19 |
| g | y-gencatlg |
| 942 ## - ADDED ENTRY ELEMENTS (KOHA) | |
| Source of classification or shelving scheme | |
| Koha item type | Hard Covered Materials |
| Classification part | ND139.H6C6 1972 |
| Call number prefix | 34300 |
| Withdrawn status | Lost status | Source of classification or shelving scheme | Damaged status | Not for loan | Home library | Current library | Shelving location | Date acquired | Source of acquisition | Total Checkouts | Full call number | Barcode | Date last seen | Price effective from | Koha item type |
|---|---|---|---|---|---|---|---|---|---|---|---|---|---|---|---|
| MACHAKOS UNIVERSITY LIBRARY | MACHAKOS UNIVERSITY LIBRARY | Technical section | 06/02/2017 | Donation(BFA) | ND139.H6C6 1972 | 34300 | 02/08/2018 | 06/02/2017 | Hard Covered Materials |